| 000 | 00398cam a2200157ua 4500 | ||
|---|---|---|---|
| 003 | OSt | ||
| 008 | 250602b |||||||| |||| 00| 0 eng d | ||
| 082 |
_a624.171 _bVAZ/AN |
||
| 100 |
_aVazirani, V.N . _91702 |
||
| 245 | _aAnalysis of Structures, Vol I / | ||
| 250 | _a1 / | ||
| 260 |
_aDelhi : _bKhanna Publishers , _c1965. |
||
| 300 | _a550 ; . | ||
| 700 | 1 |
_aRatwani, M.M . _91703 |
|
| 942 | _cBK | ||
| 999 |
_c1350 _d1350 |
||